Online
Catalog

Premio de periodismo Rafael Herrera . (Record no. 43014)

MARC details
000 -CABECERA
campo de control de longitud fija 02204nam a2200349 a 4500
001 - NÚMERO DE CONTROL
campo de control 000043525
005 - FECHA Y HORA DE LA ÚLTIMA TRANSACCIÓN
campo de control 20260428073714.0
008 - DATOS DE LONGITUD FIJA--INFORMACIÓN GENERAL
campo de control de longitud fija 140324s2009 dr 000 0 spa d
020 ## - NÚMERO INTERNACIONAL ESTÁNDAR DEL LIBRO
Número Internacional Estándar del Libro 97899454124352
040 ## - FUENTE DE LA CATALOGACIÓN
Centro catalogador/agencia de origen DO-SdBNP
Lengua de catalogación spa
Centro/agencia transcriptor BNPHU
082 ## - NÚMERO DE LA CLASIFICACIÓN DECIMAL DEWEY
Número de clasificación 070.44
Número de documento/Ítem P925p, 2008
111 2# - ENTRADA PRINCIPAL--NOMBRE DE CONGRESO/REUNIÓN
Nombre de congreso/reunión o jurisdicción como elemento de entrada Premios de Funglode de periodismo
Fecha del congreso/reunión (2008 :
Sede del congreso/Lugar de la reunión Santo Domingo)
9 (RLIN) 71263
245 10 - MENCIÓN DE TÍTULO
Título Premio de periodismo Rafael Herrera .
260 ## - PUBLICACIÓN, DISTRIBUCIÓN, ETC.
Lugar de publicación, distribución, etc. Santo Domingo :
Nombre del editor, distribuidor, etc. FUNGLODE,
Fecha de publicación, distribución, etc. 2009.
300 ## - DESCRIPCIÓN FÍSICA
Extensión 68 p. ;
Dimensiones 26 cm.
490 1# - MENCIÓN DE SERIE
Mención de serie Premios Funglode/GFDD 2008
-- periodismo
Designación de volumen o secuencia 4
505 0# - NOTA DE CONTENIDO CON FORMATO
Información miscelánea primer lugar
Título Serie desarrollo humano/
Mención de responsabilidad Riamny María Méndez Féliz, Linda Valdez Zambrano --
Información miscelánea Segundo lugar--
Título Niñas se exponen viendo flores de noche /
Mención de responsabilidad Arlenes Reyes Sánchez
Información miscelánea Tercer lugar
Título La violencia doméstica no tiene clase social /
Mención de responsabilidad Grisbel Médina Rodríguez --
Información miscelánea Primera mensión --
Título Las naciones sociedades de intereses y miedos /
Mención de responsabilidad Lery Laura Piña --
Información miscelánea Segunda Mensión
Título En los bateyes todavía la gente se muere de misterios /
Mención de responsabilidad Lery Laura Piña--
Información miscelánea Tercera Mensión
Título Estudiantes universitario : los héroes de todos los días /
Mención de responsabilidad Rainier A. Maldonado Tapia, Jhonatan Manuel Liriano Lizardo.
650 #4 - PUNTO DE ACCESO ADICIONAL DE MATERIA--TÉRMINO DE MATERIA
Término de materia o nombre geográfico como elemento de entrada Periodismo
Subdivisión geográfica República Dominicana
9 (RLIN) 36
650 #0 - PUNTO DE ACCESO ADICIONAL DE MATERIA--TÉRMINO DE MATERIA
Término de materia o nombre geográfico como elemento de entrada Literatura dominicana.
9 (RLIN) 67
650 #4 - PUNTO DE ACCESO ADICIONAL DE MATERIA--TÉRMINO DE MATERIA
Término de materia o nombre geográfico como elemento de entrada Certámenes literarios
9 (RLIN) 1541
650 #0 - PUNTO DE ACCESO ADICIONAL DE MATERIA--TÉRMINO DE MATERIA
Término de materia o nombre geográfico como elemento de entrada Premios literarios
9 (RLIN) 1542
700 12 - PUNTO DE ACCESO ADICIONAL--NOMBRE DE PERSONA
Nombre de persona Méndez Féliz, Riamny María
Título de la obra Serie Desarrollo humano
9 (RLIN) 71264
700 12 - PUNTO DE ACCESO ADICIONAL--NOMBRE DE PERSONA
Nombre de persona Reyes Sánchez, Arlenes
Título de la obra Serie Niñas se exponen viendo flores de noche
9 (RLIN) 71265
700 12 - PUNTO DE ACCESO ADICIONAL--NOMBRE DE PERSONA
Nombre de persona Médina Rodríguez, Grisbel
Título de la obra La violencia doméstica no tiene clase social
9 (RLIN) 71266
700 12 - PUNTO DE ACCESO ADICIONAL--NOMBRE DE PERSONA
Nombre de persona Piña, Ley Laura
Título de la obra Las naciones sociedades de intereses y miedos
9 (RLIN) 71267
700 12 - PUNTO DE ACCESO ADICIONAL--NOMBRE DE PERSONA
Nombre de persona Piña, Ley Laura
Título de la obra En los bateyes todavía la gente se muere de misterios
9 (RLIN) 71268
700 12 - PUNTO DE ACCESO ADICIONAL--NOMBRE DE PERSONA
Nombre de persona Liriano Lizardo, Jhonatan Manuel
Título de la obra Estudiantes universitario : los héroes de todos los días
9 (RLIN) 71269
700 12 - PUNTO DE ACCESO ADICIONAL--NOMBRE DE PERSONA
Nombre de persona Maldonado Tapia, Rainier A.
Título de la obra Estudiantes universitario : los héroes de todos los días
9 (RLIN) 71270
710 22 - PUNTO DE ACCESO ADICIONAL--NOMBRE DE ENTIDAD CORPORATIVA
Nombre de entidad corporativa o nombre de jurisdicción como elemento de entrada Fundación Global Democracía y Desarrollo
9 (RLIN) 25477
830 #0 - PUNTO DE ACCESO ADICIONAL DE SERIE-TÍTULO UNIFORME
Título uniforme Premios Funglode/GFDD 2008
Nombre de parte o sección de la obra Preriodismo
Número de parte o sección de la obra 4
9 (RLIN) 71271
910 ## - DATOS DE OPCIÓN DEL USUARIO (OCLC)
Datos de opción del usuario Validado. Control de calidad MFF
Holdings
Estado de retiro Estado de pérdida Restricciones de uso No para préstamo Código de colección Localización permanente Ubicación/localización actual Ubicación en estantería Fecha de adquisición Número de inventario Total de préstamos Signatura topográfica completa Código de barras Fecha visto por última vez Número de copia Precio válido a partir de Tipo de ítem Koha
    Préstamo interno   Dominicana de Servicio General General Depósito 24.03.2014 LF1   070.44 P925p, 2008 43525-30 25.06.2020 e. 3 25.06.2020 Libro y Folleto Colección Dominicana de Servicio
      Excluido de préstamo Patrimonio Dominicano Patrimonio Dominicano Patrimonio Dominicano Depósito 24.03.2014 LF1   070.44 P925p, 2008 43525-10 25.06.2020   25.06.2020 Libro y Folleto Colección Patrimonio Dominicano
      Excluido de préstamo Patrimonio Dominicano Patrimonio Dominicano Patrimonio Dominicano Depósito 24.03.2014 LF1   070.44 P925p, 2008 43525-20 25.06.2020 e. 2 25.06.2020 Libro y Folleto Colección Patrimonio Dominicano

Powered by Koha